00453pab a2200145 454500008004000000100002400040245009400064260000900158300001200167650003900179650001500218700001800233700001700251773003900268180718b1996 xxu||||| |||| 00| 0 eng d aSingh, Abha Lakshmi aEmployment of landless labourers inside and outside the villages of Aligarh district, U.P c1996 ap.13-26 aEmployment - India - Uttar Pradesh aEmployment aHaroon Sajjad aShahab Fazal aIndian Journal of Regional Science